000 00592cam a22002053a 4500
001 37159
003 PGUSA
005 20140828083820.0
008 110822s2011||||xxu|||||s|||||000 | eng d
040 _aPGUSA
_beng
042 _adc
100 1 _aBirrell, Augustine,
_d1850-1933
245 1 0 _aRes Judicatæ :
_bPapers and Essays
_h[electronic resource] /
_cAugustine Birrell
260 _bProject Gutenberg,
_c2011
506 _aPublic domain in the USA.
516 _aElectronic text
830 0 _aProject Gutenberg
_v37159
856 4 0 _uhttp://www.gutenberg.org/ebooks/37159
942 _cEB
999 _c266413
_d266413